Let It Happen - Gracie Abrams (All Lyrics) - Statistics

General Stats
  • This quiz has been taken 9 times
  • The average score is 408 of 500
Answer Stats
Lyrics % Correct
be
100%
I
100%
(I
100%
me
100%
me?
100%
we
100%
you
100%
you,
100%
You
100%
a
88%
all
88%
and
88%
And
88%
at
88%
back
88%
believe
88%
bet
88%
But
88%
but
88%
by
88%
can
88%
can't
88%
could
88%
Don't
88%
don't)
88%
for
88%
go
88%
had
88%
happen
88%
happen,
88%
have
88%
her
88%
history
88%
I'd
88%
I'm
88%
(I'm
88%
in
88%
it
88%
it)
88%
it,
88%
it),
88%
it's
88%
It's
88%
I've
88%
just
88%
Just
88%
know
88%
let
88%
lies
88%
Lose
88%
love
88%
made
88%
money
88%
my
88%
night
88%
No,
88%
Now
88%
now
88%
of
88%
phone
88%
so
88%
still
88%
(still
88%
that
88%
the
88%
then
88%
these
88%
time
88%
time)
88%
time,
88%
to
88%
up
88%
wait
88%
worth
88%
you're
88%
alone
75%
As
75%
as
75%
aware
75%
backbone
75%
barely
75%
being
75%
broke
75%
context
75%
contradiction
75%
control
75%
end
75%
fine
75%
glass
75%
Got
75%
half
75%
hand
75%
helps
75%
here
75%
hope
75%
If
75%
I'll
75%
into
75%
is
75%
Is
75%
lack
75%
life
75%
looking
75%
mean
75%
might
75%
mirror,
75%
never
75%
not
75%
on
75%
only
75%
probably
75%
projecting
75%
should
75%
shows
75%
sleep
75%
something
75%
spoke
75%
thing
75%
this
75%
thought
75%
tragic,
75%
Turn
75%
vain,
75%
walking
75%
will
75%
(will)
75%
(will,
75%
would
75%
yet,
75%
(ah,
63%
ah)
63%
(ah
63%
attention
63%
'Cause
63%
craved
63%
from
63%
Get
63%
God
63%
Here's
63%
hoping
63%
letting
63%
mention
63%
much
63%
Oh,
63%
out
63%
ready,
63%
see
63%
someone's
63%
stay
63%
whatever,
63%
whatever)
63%
While
63%
yours,
63%
Break
50%
die
50%
Eating
50%
everything
50%
feelings,
50%
how
50%
myself
50%
reeling
50%
reeling,
50%
seeing
50%
shit
50%
somewhere
50%
spare
50%
tell
50%
thank
50%
there
50%
through
50%
together,
50%
turned
50%
underwear
50%
waiting
50%
You've
50%
again
38%
(hm
38%
(hm)
38%
house
38%
Knowing
38%
Locked
38%
Lost
38%
minute
38%
mm
38%
mm)
38%
pouring
38%
rain
38%
skies
38%
windows,
38%
(ooh)
25%
ooh)
25%
No matching quizzes found
Score Distribution
Percent of People with Each Score
Percentile by Number Answered
Your Score History
You have not taken this quiz